000
00288nam a2200133Ia 4500
100
_a
Staniar/ William
942
_c
BK
654
_a
Handbook
245
_a
Plant Engineering Handbook
260
_b
McGraw Hill
_a
NEWYORK
_c
1950
082
_a
621/Sta
300
_a
2007
546
_a
ENGLISH
999
_c
23609
_d
23609